000
00264nam a22001217a 4500
008
181022b xxu||||| |||| 00| 0 eng d
041
_a
eng
080
_a
316
100
_a
50
101
_a
SOC
245
_a
Community power structure
_c
Hunter,F
942
_2
udc
_c
BK
999
_c
50353
_d
50353